000 00305nam a2200133 i 4500
001 bg
100 1 _aSVOBODA, Oldrich
245 0 _aUkładanie ksylolitu /
_cOldrich Svoboda.
260 _aWarszawa,
_c1964.
040 _cBPK
041 _apol
942 _cKS
008 s pl f |000 0 pol
999 _c16533
_d16533
856 _uhttp://koha.tu.koszalin.pl/cgi-bin/koha/opac-detail.pl?biblionumber=16533
_yKatalog online BPK